000 02223nam a2200277Ia 4500
999 _c55627
_d55627
001 22722
003 GE_BSU
005 20230427165309.0
008 181216s ||||ge |||||||||||||| ||geo||
020 _a9789941096556
040 _cGE_BSU
041 _ageo
080 _a613.81(075.8) ხ-22
245 _aხანმოკლე ინტერვენცია ASSIST-თან ბმული ხანმოკლე ინტერვენცია ნივთიერების სახიფათო და საზიანო მოხმარებისას :
_b პირველად ჯანდაცვაში გამოსაყენებელი სახელმძღვანელო /
_cმთარგმნელი მაკა ჩხეიძე ; რედაქტორი ნინო აღდგომელაშვილი.
264 _aთბილისი :
_b[გ.გ],
_c2017.
300 _a55 გვ. ;
_c25 სმ.
500 _aგამოცემა დაფინანსებულია ევროკომისიის მიერ TEMPUS-ის დაფინანსების მექანიზმის გამოყენებით პროექტის ” ადამიანური რესურსების, მტკიცებულებათ ბაზისა და ხარისხის სტანდარტების განვითარება საქართველოს ადიქტოლოგიაში” ფარგლებში
504 _aბიბლიოგრ. : გვ. 53-55
541 _h3ლ.
653 _aალკოჰოლზე დამოკიდებულება -- სახელმძღვანელოები
653 _a ნარკოტიკებზე დამოკიდებულება -- სახელმძღვანელოები
653 _aმედიცინა
700 _aჩხეიძე, მაკა
_eმთარგმნელი
_917848
700 _aაღდგომელაშვილი, ნინო
_eრედაქტორი
_912661
942 _cBK
_2udc